000 00497nam a22001817a 4500
005 20250324104217.0
008 250324b |||||||| |||| 00| 0 eng d
020 _a9781788115957
041 _aEng.
082 _a658 PAR
100 _aParker, David W.
245 _aService Operations Management: The Total Experience
250 _a2nd
260 _aUK
_bEdward Elgar Publishing Ltd
_c2018
300 _a579;. P. 24 cm
650 _aService Industries; Industrial Management
942 _cBK
999 _c43350
_d43350